000 00788nam a2200217Ii 4500
003 JO-AjNU
008 230605s9999||||xx |||||||||||||| ||und||
017 _a2008/15352
020 _a978-977-6274-31-0
040 _aJO-AjNU
_bara
_erda
_cJO-AjNU
041 _aara
050 1 4 _aHF5438.25.U34.2008
100 3 _aعبيدات، محمد/عبدالله سماره,
_eauthor
_943975
245 0 0 _aادارة المبيعات
264 3 1 _aالقاهرة:الشركة العربية المتحدة للتسويق والتوريدات بالتعاون مع جامعة القدس المفتوحة؛2008
300 _a406ص
336 _atext
_btxt
_2rdacontent
337 _aunmediated
_bn
_2rdamedia
338 _avolume
_bnc
_2rdacarrier
650 4 _aادارة المبيعات
_943976
999 _aA18948
_c22516
_d22516